| 000 | 00728nam a22002057a 4500 | ||
|---|---|---|---|
| 999 |
_c17783 _d17783 |
||
| 003 | AR-CdUCM | ||
| 008 | 190509b ||||| |||| 00| 0 spa d | ||
| 040 |
_aMUNICIPALIDAD PROVINCIAL DEL CUSCO _cBIBLIOTECA MUNICIPAL DEL CUSCO |
||
| 082 |
_a959.7 / _bI49 |
||
| 100 |
_aHoang, Nguyen _937965 |
||
| 245 | _aIndochina 1972 - 1973 año de viraje / | ||
| 260 |
_aHanoi : _bEn lenguas extranjeras, _c1974. |
||
| 300 |
_a210 páginas ; _c20 cm. _bMapas, |
||
| 505 | _aContenido : Viet Nam: Año de viraje -- El acuerdo de parís sobre viet nam sus implicaciones políticas y jurídicas ... | ||
| 650 |
_aHistoria _9246 |
||
| 650 |
_aVietnam _91498 |
||
| 650 |
_aPolítica _9291 |
||
| 942 |
_2ddc _cLIBROS |
||
| 945 |
_arah _d09/05/2019 |
||